00553nam a2200193Ia 450000500170000000800410001702000150005808200130007310000140008624500470010026000390014730000170018665000130020365000100021665000150022694200060024195200970024799900150034420240927020841.0240331s9999 xx 000 0 und d a063118421X bMORa801 aMorris, P 0aLiterature and feminism :ban introduction aoxfordbBlackwell publishersc1993 ax, 217 p ., aFeminism aWomen aLiterature cL 001040708LaWERCLbWERCLcSSCd2024-03-31l0o 801.9 MORp2303r2024-03-31w2024-03-31yL c3129d3129